| 000 | 04094 a2200349 4500 | ||
|---|---|---|---|
| 008 | 090601t xxu||||| |||| 00| 0 hin d | ||
| 010 | _aB-291963-974 | ||
| 020 |
_a9788190552219 _c200.00 |
||
| 035 | _aB-291963-974 | ||
| 037 | _bअमित पब्लिशिंग हाउस | ||
| 040 |
_adpl _bHIN |
||
| 082 | _a613 | ||
| 100 | _aसेंगर, देवेन्द्र | ||
| 245 |
_aबेहतर स्वास्थ्य के उपाय / _cदेवेन्द्र सेंगर |
||
| 260 |
_aदिल्ली _bअमित पब्लिशिंग हाउस _c2008 |
||
| 270 |
_aएल-20/13 प्रथम तल,गली नं.5,शिवाजी मार्ग करतार नगर _bदिल्ली _e110053 |
||
| 300 |
_a191पृ _c22सेमी (सजिल्द) |
||
| 942 |
_adpl _cHN _k/ सेंगर _2ddc _h613 _mसेंगर |
||
| 999 |
_c12541 _d12541 |
||